Responses for show #6384 - Thursday, May 24, 2012

Joel Pool game 4.

Contestants

Julie Zukowski, a public librarian from Crystal Lake, Illinois

Ursula Rodgers, a homemaker and visual artist from Denver, Colorado

Joel Pool, a real estate developer from Oakland, California (whose 3-day cash winnings total $69,600)

Jeopardy! Round responses

SHAKESPEAREAN LINES
WE BAND OF BROTHERS
MY SALAD DAYS
ALL THE WORLD'S A STAGE
2B OR NOT 2B
THE WINTER OF OUR DISCOUNT TENT
    $200 18
Julius Caesar

Joel
    $200 1
(Ursula: What is Gibbs?)

Gibb

UrsulaJulie
    $200 5
bread

Joel
    $200 14
(Joel: What is the messiah?)

the holy spirit

JoelJulie
    $200 10
rubble & ruble

Joel
    $200 20
an igloo

Joel
    $400 19
lawyers

Julie
    $400 2
Radiohead

Ursula
    $400 6
coleslaw

Julie
    $400 15
cities

Ursula
    $400 11
fibber & fiber

Julie
    $400 21
the lumbar (vertebrae)

Joel
    $600 26
(Julie: Who is Kate?)

Ophelia

UrsulaJulie
    $600 3
Chad Kroeger

Triple Stumper
    $600 7
Chinese chicken salad

Ursula
    $600 17
Anglo-Saxon

Triple Stumper
    $600 12
abbe and Abe

Julie
    $600 22
gangrene

Joel
    $800 27
The Two Gentlemen of Verona

Joel
    $800 4
The Isley Brothers

Julie
    $800 8
a wedge salad

Ursula
    $800 13
tubbing and tubing

Ursula
    $800 23
kerosene

Triple Stumper
    $1000 28
[The end-of-round signal sounds]

a dagger

Ursula
    $1000 16
The Fray

Ursula
    $1000 9
a tossed salad

Joel
    $1000 25
nobble and noble

Triple Stumper
    $1000 24
lyme disease

Ursula

Scores at the first commercial break (after clue 15):

Joel Ursula Julie
$1,200 $2,800 $2,600

Scores at the end of the Jeopardy! Round:

Joel Ursula Julie
$3,400 $6,400 $2,400

Double Jeopardy! Round responses

50 YEARS AGO--1962
ANIMAL VERBS
OPERA CHARACTERS
ROMAN THE ROADS
"O", HOW ENTERTAINING
NEWSPAPER TOWNS
    $400 6
John Glenn

Joel
    $400 11
bug

Ursula
    $400 26
Tommy

Ursula
    $400 21
the Appian Way

Joel
    $400 1
Oklahoma!

Ursula
    $400 16
The Free Press

Julie
    $800 7
(Julie: What is May?)
(Joel: What is September?)

October

JoelJulie
Triple Stumper
    $800 12
buck

Julie
    $800 27
John the Baptist

Ursula
    $800 22
the Rubicon

Joel
    $800 2
the Olsen family

Julie
    $800 17
(Joel: What is the Globe?)

Sun

Joel
Triple Stumper
    $1200 8
George Bernard Shaw

Triple Stumper
    $1200 13
hound

Ursula
    $2,000 28
(Ursula: [No response])
[The end-of-round signal sounds]

The Merry Widow

Ursula
    $1200 23
Gaul

Joel
    $1200 3
(Ed) O'Neill

Ursula
    $1200 18
Post-Dispatch

Joel
    $1600 9
Eleanor Roosevelt

Joel
    $1600 14
leech

Joel
    $3,000 24
milestones

Joel
    $1600 4
Once

Ursula
    $1600 19
Herald

Julie
    $2000 10
Ship of Fools

Triple Stumper
    $2000 15
clam

Julie
    $2000 25
Hadrian's Wall

Joel
    $2000 5
Oswald

Triple Stumper
    $2000 20
(Ursula: What is the Post-Intelligencer?)
(Ursula: What is the Post-Examiner?)

Times

UrsulaJulie
Triple Stumper

Scores at the end of the Double Jeopardy! Round:

Joel Ursula Julie
$14,000 $8,400 $5,200

[wagering suggestions for these scores]

Final Jeopardy! Round responses

BIOGRAPHIES
JulieWho was N. Tesla?
$5,100
UrsulaWho is ?
$3,800
JoelWho is Tesla
$3,000
Nikola Tesla

Final scores:

Joel Ursula Julie
$17,000 $4,600 $10,300
4-day champion: $86,600 3rd place: $1,000 2nd place: $2,000

Game dynamics:

Coryat scores:

Joel Ursula Julie
$12,600 $10,400 $5,200
17 R
(including 1 DD),
3 W
16 R,
3 W
(including 1 DD)
12 R,
3 W

Combined Coryat: $28,200

The J! Archive is created by fans, for fans. The Jeopardy! game show and all elements thereof, including but not limited to copyright and trademark thereto, are the property of Jeopardy Productions, Inc. and are protected under law. This website is not affiliated with, sponsored by, or operated by Jeopardy Productions, Inc. Join the discussion at JBoard.tv.